[Event "Agneaux St Lo op"]
[Site "Agneaux"]
[Date "2022.07.11"]
[Round "3"]
[White "Weibel, Theo"]
[Black "Batteux, Mickael"]
[Result "1-0"]
[WhiteElo "2055"]
[BlackElo "2003"]
[PlyCount "101"]
[EventDate "2022.07.09"]
[EventType "swiss"]
[EventRounds "9"]
[EventCountry "FRA"]
[SourceTitle "EXT 2023"]
[Source "ChessBase"]
[SourceDate "2022.10.05"]
[SourceVersion "1"]
[SourceVersionDate "2022.10.05"]
[SourceQuality "1"]

1. d4 Nf6 2. Nf3 c5 3. g3 g6 4. Bg2 Bg7 5. 0-0 0-0 6. c4 Na6 7. Nc3 d6 8. b3 Bd7 9. Bb2 Qc8 10. Re1 cxd4 11. Nxd4 Nc5 12. e4 Bg4 13. Qd2 Re8 14. Rac1 Bh3 15. Bh1 Ng4 16. Rcd1 Ne5 17. Qe2 Bg4 18. f3 Bd7 19. Nd5 Ne6 20. Nxe6 Bxe6 21. Ne3 Qc5 22. Kf1 Bh3+ 23. Bg2 Bxg2+ 24. Kxg2 Qc6 25. Nd5 Rac8 26. Bd4 b6 27. Qb2 f6 28. a4 Rb8 29. Qc3 Qd7 30. Qa1 Rec8 31. Bc3 Qb7 32. Re2 Kf8 33. Rf1 Kg8 34. Kg1 Nd3 35. f4 Nc5 36. Qb2 a6 37. Qc2 b5 38. e5 dxe5 39. fxe5 f5 40. e6 Bxc3 41. Qxc3 bxc4 42. bxc4 Ne4 43. Qe5 Rf8 44. g4 Qa7+ 45. Kg2 Nf6 46. gxf5 Nxd5 47. cxd5 Rb4 48. f6 exf6 49. Rxf6 Rxf6 50. Qxf6 Rg4+ 51. Kh3 1-0

[Event "Avoine op 35th"]
[Site "Avoine"]
[Date "2021.07.17"]
[Round "2.10"]
[White "Weibel, Theo"]
[Black "Bouvet, Florian"]
[Result "0-1"]
[WhiteElo "2051"]
[BlackElo "2213"]
[PlyCount "66"]
[EventDate "2021.07.18"]
[EventType "swiss"]
[EventRounds "9"]
[EventCountry "FRA"]
[SourceTitle "EXT 2023"]
[Source "ChessBase"]
[SourceDate "2022.10.05"]
[SourceVersion "1"]
[SourceVersionDate "2022.10.05"]
[SourceQuality "1"]

1. e4 c5 2. Nf3 e6 3. d4 cxd4 4. Nxd4 a6 5. c4 Nf6 6. Nc3 Qc7 7. Be2 Bb4 8. Qd3 Nc6 9. Nxc6 dxc6 10. 0-0 0-0 11. Bg5 Rd8 12. Qf3 Be7 13. Rfd1 e5 14. h3 Be6 15. Rac1 Rxd1+ 16. Nxd1 Rd8 17. Ne3 h6 18. Bh4 Rd2 19. Rc2 Rd4 20. Nf5 Bxf5 21. Qxf5 Nxe4 22. Bxe7 Qxe7 23. Bd3 g6 24. Qf3 Ng5 25. Qe3 Qd6 26. Bf1 Kg7 27. Qb3 Ne6 28. Rc1 Rd2 29. Qxb7 Qc5 30. b4 Qxf2+ 31. Kh1 Nd4 32. Qe7 Nf3 33. Qc5 Qg3 0-1

[Event "Avoine op 34th"]
[Site "Avoine"]
[Date "2019.07.20"]
[Round "2"]
[White "Weibel, Theo"]
[Black "Iglesias, Yosha"]
[Result "1/2-1/2"]
[WhiteElo "2049"]
[BlackElo "2258"]
[PlyCount "127"]
[EventDate "2019.07.20"]
[EventType "swiss"]
[EventRounds "9"]
[EventCountry "FRA"]
[SourceTitle "EXT 2020"]
[Source "ChessBase"]
[SourceDate "2019.10.17"]
[SourceVersion "1"]
[SourceVersionDate "2019.10.17"]
[SourceQuality "1"]

1. e4 g6 2. d4 Bg7 3. Nc3 c6 4. Nf3 d5 5. h3 Nh6 6. e5 0-0 7. Bf4 f6 8. Qd2 Nf7 9. 0-0-0 fxe5 10. Nxe5 Nd7 11. Nxf7 Rxf7 12. h4 Qf8 13. Be3 e5 14. h5 gxh5 15. Rxh5 Nf6 16. Rxe5 Ng4 17. Rg5 Nxe3 18. Qxe3 Rxf2 19. Bd3 Qf4 20. Qxf4 Rxf4 21. Rh1 Kf8 22. Rxh7 Bxd4 23. Nd1 Rf7 24. Rgh5 Bg4 25. Rh4 Bxd1 26. Rh8+ Bxh8 27. Rxh8+ Ke7 28. Rxa8 Bg4 29. Rxa7 Kd6 30. Ra4 Be6 31. Rh4 Rf2 32. Rh7 b5 33. Rg7 b4 34. g4 c5 35. Kd1 Rg2 36. Be2 Ke5 37. a4 bxa3 38. bxa3 c4 39. Ke1 Kf6 40. Rc7 Bxg4 41. Bxg4 Rxg4 42. a4 Ke5 43. Kd2 Kd4 44. c3+ Ke5 45. Re7+ Kd6 46. Re8 Kc6 47. Rb8 Rg2+ 48. Kc1 Ra2 49. Ra8 Kb6 50. Kb1 Rh2 51. Re8 Rh7 52. Re2 Rh1+ 53. Kb2 Rh8 54. Kc1 Kc5 55. Rb2 Rh1+ 56. Kc2 Kd6 57. Rb6+ Ke5 58. a5 Rh2+ 59. Kb1 Rh1+ 60. Kb2 Ke4 61. a6 Rh7 62. Kc2 Rh2+ 63. Kb1 Rh1+ 64. Kb2 1/2-1/2

[Event "Avoine op 33rd"]
[Site "Avoine"]
[Date "2018.07.27"]
[Round "7"]
[White "Weibel, Theo"]
[Black "Lenen, Pierre"]
[Result "0-1"]
[WhiteElo "1964"]
[BlackElo "1758"]
[PlyCount "74"]
[EventDate "2018.07.21"]
[EventType "swiss"]
[EventRounds "9"]
[EventCountry "FRA"]
[SourceTitle "CBM 185 Extra"]
[Source "ChessBase"]
[SourceDate "2018.07.29"]
[SourceVersion "1"]
[SourceVersionDate "2018.07.29"]
[SourceQuality "1"]

1. e4 c6 2. d4 d5 3. e5 Bf5 4. Be3 e6 5. Nd2 Ne7 6. Be2 Nd7 7. f4 h6 8. g4 Bh7 9. h4 Qa5 10. c3 c5 11. dxc5 Qc7 12. b4 a5 13. Qa4 h5 14. g5 Nf5 15. Bf2 Be7 16. Ngf3 0-0 17. Qb3 axb4 18. cxb4 b6 19. cxb6 Nxb6 20. 0-0 Rfc8 21. a4 Nc4 22. Nxc4 dxc4 23. Qc3 Rcb8 24. b5 Bc5 25. Nd4 Qb6 26. Nxf5 Bxf2+ 27. Rxf2 Bxf5 28. Bf3 Ra7 29. Qxc4 Rc7 30. Bc6 Qe3 31. Qf1 Rxc6 32. bxc6 Be4 33. Qe2 Qg3+ 34. Kf1 Bd3 35. c7 Rc8 36. Rc1 Bxe2+ 37. Rxe2 Qxf4+ 0-1